000 00598nam a2200205Ia 4500
001 12930
003 GE_BSU
008 181216s||||||||xx |||||||||||||| ||und||
040 _cGE_BSU
080 _a631.8(035)
100 _aАртюшин,А.Н. Державин,Л.М.
245 _aКраткий справочник по удобрениям
250 _a2-ое дополн.и перераб.
260 _aМосква
260 _bКолос
260 _c1984
300 _a208стр.20см.
653 _aКраткий справочник по удобрениям
942 _cBK
999 _c46099
_d46099